| 000 | 00603nam a2200205 a 4500 | ||
|---|---|---|---|
| 005 | 20250703063902.0 | ||
| 008 | 991125m19761996mx 000 0 spa u | ||
| 020 | _a9682316677 | ||
| 035 | _aUPN01000007233 | ||
| 049 | _aCG | ||
| 050 | 4 |
_aF1210 _bK7.2 |
|
| 100 | 1 |
_aKrauze, Enrique, _d1947- _928570 |
|
| 245 | 1 | 0 |
_aCaudillos culturales en la revolución mexicana / _cpor Enrique Krauze. |
| 260 |
_aMéxico : _bSiglo XXI, _c1976 (1996 impr.). |
||
| 300 | _a340 p., [6] h. láms. | ||
| 440 | 0 | _aHistoria | |
| 651 | 4 |
_aMéxico _xVida intelectual _917854 |
|
| 650 | 2 |
_aIntelectuales _926506 |
|
| 905 | _aLibro | ||
| 999 |
_c7233 _d7233 |
||